A course of higher mathematic: linear algebra, analytic geometry, differential calculus of functions of one variable (Record no. 14421)
[ view plain ]
| 000 -LEADER | |
|---|---|
| fixed length control field | 00494nam a2200121Ia 4500 |
| 008 - FIXED-LENGTH DATA ELEMENTS--GENERAL INFORMATION | |
| fixed length control field | 180412s9999||||xx |||||||||||||| ||und|| |
| 020 ## - INTERNATIONAL STANDARD BOOK NUMBER | |
| International Standard Book Number | 50300026 |
| 040 ## - CATALOGING SOURCE | |
| Original cataloging agency | Ahmadu Bello University Library - Zaria |
| 100 ## - MAIN ENTRY--PERSONAL NAME | |
| Personal name | Manturon, O.V. |
| 245 #2 - TITLE STATEMENT | |
| Title | A course of higher mathematic: linear algebra, analytic geometry, differential calculus of functions of one variable |
| Statement of responsibility, etc. | O.V. Manturon and N.M Matveev; Translated from Russian by Leonid Levant |
| 260 ## - PUBLICATION, DISTRIBUTION, ETC. | |
| Name of publisher, distributor, etc. | MIR Publishers; Moscow |
| Date of publication, distribution, etc. | 1989 |
| 300 ## - PHYSICAL DESCRIPTION | |
| Extent | 461p. |
| 700 ## - ADDED ENTRY--PERSONAL NAME | |
| Personal name | Matveev, N.M. |
No items available.